Skład reprezentacji Polski na Mistrzostwach Świata 1986 - Statystyki

Ogólne statystyki
  • Ten quiz został rozwiązany 14 razy
  • Średni wynik to 9 z 22
Statystyki odpowiedzi
Nazwisko % Poprawnych
Zbigniew Boniek
100%
Józef Młynarczyk
92%
Jan Urban
77%
Włodzimierz Smolarek
77%
Dariusz Dziekanowski
54%
Władysław Żmuda
54%
Andrzej Buncol
46%
Jan Furtok
38%
Ryszard Tarasiewicz
38%
Józef Wandzik
31%
Marek Ostrowski
31%
Roman Wójcicki
31%
Stefan Majewski
31%
Waldemar Matysik
31%
Andrzej Pałasz
23%
Andrzej Zgutczyński
23%
Dariusz Kubicki
23%
Jacek Kazimierski
23%
Jan Karaś
23%
Kazimierz Przybyś
8%
Ryszard Komornicki
8%
Krzysztof Pawlak
0%
Nie znaleziono quizów pasujących do podanych kryteriów
Rozkład punktacji
Procent ludzi z każdym wynikiem
Percentyl według liczby udzielonych odpowiedzi
Twoja historia wyników
Nie rozwiązałeś tego quizu